000 01889nam0a2200385 4500
001 RU\NLR\bibl\987660
005 20260405175748.0
010 _a5-9576-0236-1
_96000
021 _aRU
_b2006-50395
_92489
035 _a(NLR Aleph) 000975510
090 _a426139
_c426139
100 _a20060925d2006 |||y0rusy50 ca
101 0 _arus
102 _aRU
105 _ay |||||||||
200 1 _aИспанско-русский и русско-испанский словарь
_dDiccianario español-ruso y ruso-español
_e[11000 слов в испанской части и 9000 слов в русской части]
_fК.А. Марцишевская, Б.Х. Сордо-Пенья, С. Маринеро
_zspa
205 _a10-е изд., стер.
210 _aМосква
_cРусский язык - Медиа
_d2006
215 _a543,[1] с.
_d17
300 _aНа обл. авт. не указаны
300 _aАвт. также на испан. яз.: K.A. Marzishevskaya, B.J. Sordo Pena, C. Marinero
510 0 _6z77790
_aDiccianario español-ruso y ruso-español
_zspa
606 0 _aИспанский язык
_xСловари
_xРусский язык
_91108536
_3RU\NLR\auth\66437550
606 0 _aРусский язык
_xСловари
_xИспанский язык
_91537256
_3RU\NLR\auth\66971230
686 _aШ147.21-491перев
686 _aШ141.12-491перев
700 1 _4070
_8rus
_7ca
_aМарцишевская
_bК. А.
_f1897-1988
_gКсения Александровна
_3RU\NLR\auth\7776775
_959703
701 1 _4070
_8rus
_7ca
_aСордо-Пенья
_bС.П.
_gБенхамин Хесус
_3RU\NLR\auth\7718231
_91310
701 1 _aМаринеро
_bС.
_gСелестина
_4070
790 1 _6z77510
_aMarzishevskaya
_bK. A.
_4070
801 0 _aRU
_bNLR
_c20060925
_grcr
801 1 _aRU
_bNLR
_c20060925
942 _cBOOK
980 _aNB